000 00601nam a2200241Ia 4500
003 OSt
005 20221007101311.0
006 a|||||r|||| 00| 0
007 ta
008 221006b |||||||| |||| 00| 0 eng d
024 _a6,207
037 _cTextual
040 _aLCO
_cLCO
_beng
041 _2eng
_aeng
082 _aX:97D, K4
100 _aDhyani S.N.
245 0 _aTrade Unions and Right to Strike.
260 _aDelhi
_bS Chand & Co.. India
_c1964
300 _a424
650 _aTRADE UNION
942 _hX:97D, K4
_cTEXL
999 _c1175770
_d1175770